| 000 | 01085pam a2200301 a 4500 | ||
|---|---|---|---|
| 999 |
_c2898 _d2898 |
||
| 003 | OSt | ||
| 005 | 20230911101720.0 | ||
| 008 | 140903s2012 enk e 000 1 eng|d | ||
| 020 | _a9780141199405 | ||
| 040 |
_aStDuBDS _beng _cStDuBDS _dUk _dCaOL _dKH8 _erda |
||
| 082 | _a823.912 FOR | ||
| 100 | 1 |
_aForster, E. M. _q(Edward Morgan), _d1879-1970, _eauthor. |
|
| 245 | 1 | 0 |
_aHowards End / _cE.M. Forster. |
| 264 | 1 |
_aLondon : _bPenguin English Library, _c2012. |
|
| 300 |
_a381 pages ; _c20 cm. |
||
| 336 |
_atext _2rdacontent. |
||
| 337 |
_aunmediated _2rdamedia. |
||
| 338 |
_avolume _2rdacarrier. |
||
| 490 | 1 | _aPenguin English Library. | |
| 500 | _aIncludes the essay, "Howards End" by Lionel Trilling, copyright 1943. | ||
| 500 | _aFirst published in Great Britain by Edward Arnold, 1910. | ||
| 650 | 0 |
_aSisters _vFiction. |
|
| 650 | 0 |
_aSocial classes _zEngland _vFiction. |
|
| 651 | 0 |
_aGreat Britain _xSocial life and customs _y19th century _vFiction. |
|
| 651 | 0 |
_aGreat Britain _xHistory _yEdward VII, 1901-1910 _vFiction. |
|
| 830 | 0 | _aPenguin English library. | |
| 942 |
_2ddc _cTR |
||